Technical-vocational schools in Slovakia 1918-1984

Bibliographic Details
Main Author: Cverčko, M. Joan sestra (Author)
Format: Book
Language:English
PhysicalDescription:S. 149-201 24 cm
Published: [Ohio?] [vydavateľ nie je známy] 1973
Subjects:

MARC

LEADER 00000nam a2200000 a 4500
001 vtls008946040
003 SK-MaSNL
005 20260426014836.0
008 240313s1973 xxu f b 000 0 eng
040 |a SNK  |b slo  |c SNK  |e AACR2 
041 0 |a eng 
043 |a e-xo--- 
044 |a ohu  |c US 
072 7 |a 371  |x Školstvo (organizácia)  |2 konspekt 
080 |a 37.0:62  |2 2001 
080 |a 377  |2 2001 
080 |a 373.6+377.1/.6  |2 2001 
080 |a (437.6)  |2 2001 
080 |a (0.036.6)  |2 2001 
100 1 |a Cverčko, M. Joan  |c sestra  |4 aut  |9 742741 
245 1 0 |a Technical-vocational schools in Slovakia 1918-1984  |c sister M. Joan Cverčko 
260 |a [Ohio?]  |b [vydavateľ nie je známy]  |c 1973 
300 |a S. 149-201  |c 24 cm 
500 |a Odtlačok z: Slovak Studies, XIII 
504 |a Bibliografia s. 199-200 
648 7 |a 1918-1948  |2 SNKPH  |9 290785 
650 0 7 |a technické vzdelávanie  |2 SNKPH  |9 65924 
650 0 7 |a odborné vzdelávanie  |2 SNKPH  |9 4335 
650 0 7 |a odborné školy  |2 SNKPH  |9 30284 
651 7 |a Slovensko  |2 SNKPH  |9 14231 
655 7 |a separáty  |2 SNKPH  |9 70334 
958 |a OND 
999 |c 1169979  |d 1171909 
952 |a SNK  |b SNK  |y PREZ  |7 0  |p 17A0509278  |o snkOSC 23794  |i snk2007/4339  |8 1  |0 0  |1 0  |4 0  |d 2007-02-15  |l 0  |r 2026-02-24 21:00:57  |w 2026-02-24